[Event "Usti nad Labem blitz op"]
[Site "Usti nad Labem"]
[Date "2023.05.07"]
[Round "9"]
[White "Papay, Jindrich"]
[Black "Poliakov, Ivan V"]
[Result "1-0"]
[WhiteElo "1789"]
[BlackElo "1202"]
[PlyCount "51"]
[EventDate "2023.05.07"]
[EventType "swiss (blitz)"]
[EventRounds "15"]
[EventCountry "CZE"]
[SourceTitle "CBM 214 Extra"]
[Source "ChessBase"]
[SourceDate "2023.07.31"]
[SourceVersion "1"]
[SourceVersionDate "2023.07.31"]
[SourceQuality "1"]

1. f4 c5 2. Nf3 Nc6 3. g3 Nf6 4. Bg2 g6 5. 0-0 Bg7 6. c3 0-0 7. d3 d6 8. e4 Ne8 9. Nh4 e6 10. f5 exf5 11. exf5 gxf5 12. Nxf5 Bxf5 13. Rxf5 Nf6 14. Bg5 h6 15. Bh4 Qd7 16. Qf1 Nh7 17. Nd2 f6 18. Bd5+ Kh8 19. Re1 Rae8 20. Rxe8 Rxe8 21. Ne4 Re5 22. g4 Rxf5 23. gxf5 Ne5 24. d4 cxd4 25. cxd4 Nc6 26. Qf2 1-0